Tech Items by Picture #3 - Statistics

General Stats
  • This quiz has been taken 45 times
  • The average score is 11 of 16
Answer Stats
Picture Answer % Correct
Battery
93%
Remote Control
93%
Lamp
91%
USB Drive
91%
Fujifilm Instax Camera
86%
Router
86%
Projector
77%
Apple Pencil 2nd Generation
72%
Calculator
72%
Webcam
67%
DVD Player
60%
Ethernet Cable
56%
Portable Charger
49%
Digital Drawing Tablet
37%
Gaming Computer
37%
Hard Drive
35%
No matching quizzes found
Score Distribution
Percent of People with Each Score
Percentile by Number Answered
Your Score History
You have not taken this quiz